Universidad e investigación científica: convergencias y tensiones /
Salvato in:
| Autore principale: | |
|---|---|
| Altri autori: | |
| Natura: | testo |
| Pubblicazione: |
Buenos Aires:
CLACSO. UNESCO
|
| Soggetti: | |
| Tags: |
Aggiungi Tag
Nessun Tag, puoi essere il primo ad aggiungerne!!
|
MARC
| LEADER | 00000 a a2200000 04500 | ||
|---|---|---|---|
| 001 | 35402 | ||
| 003 | |||
| 040 | |a CRAI/IIS |c CRAI/IIS | ||
| 020 | |a 978-987-1183-62-3 | ||
| 090 | |a 0005 V 582u | ||
| 100 | |a Vessuri, Hebe | ||
| 245 | |a Universidad e investigación científica: convergencias y tensiones / |c Hebe Vessuri | ||
| 260 | |a Buenos Aires: |b CLACSO. UNESCO | ||
| 300 | |a 236 p. | ||
| 650 | |a AUTONOMIA ADMINISTRATIVA | ||
| 650 | |a UNIVERSIDADES | ||
| 650 | |a INSTITUCIONES | ||
| 650 | |a REFORMA DE LA EDUCACION | ||
| 650 | |a INVESTIGACION | ||
| 650 | |a LIBERTAD DE ENSEÑANZA | ||
| 650 | |a AMERICA LATINA | ||
| 700 | |a comp. | ||
| 999 | |c 8631 |d 8631 | ||



